Globalization under construction : governmentally, law, and identity
Αποθηκεύτηκε σε:
| Άλλοι συγγραφείς: | , |
|---|---|
| Μορφή: | Βιβλίο |
| Γλώσσα: | English |
| Δημοσίευση: |
London :
University of Minnesota Press,
2003
|
| Θέματα: | |
| Ετικέτες: |
Προσθήκη ετικέτας
Δεν υπάρχουν, Καταχωρήστε ετικέτα πρώτοι!
|
MARC
| LEADER | 00000nam a2200000 i 4500 | ||
|---|---|---|---|
| 001 | 1/72184 | ||
| 008 | 050224s2003 eng d | ||
| 020 | |a 0-8166-3966-3 (pbk) | ||
| 035 | |l 10076747 | ||
| 040 | |a GR-MY-UA |b gre |e aacr | ||
| 041 | 0 | |a eng | |
| 082 | 0 | |a 303.482 |2 (21) | |
| 245 | 1 | 0 | |a Globalization under construction : |b governmentally, law, and identity / |c Richard Warren Perry and Bill Maurer, editors |
| 260 | |a London : |b University of Minnesota Press, |c 2003 | ||
| 300 | |a xxi, 367 σ.; |b πιν.; |c 23 εκ. | ||
| 504 | |a Περιέχει ευρετήριο | ||
| 650 | 0 | 0 | |a Globalization. |
| 700 | 1 | |a Perry, Richard Warren. |4 edt | |
| 700 | 1 | |a Maurer, Bill |d 1968- |4 edt | |
| 852 | |a INST |b LESVOS |e 20050224 |h 303.482 GLO |p 005100030201 |q 005100030201 |t BK |y 0 | ||
| 901 | |a BIBL1-2005-1 | ||
| 909 | |a Λ |b 116190 | ||
| 920 | |a ΔΙΕΥΡΥΝΣΗ |b ΕΠΕΑΕΚ/ΤΚ |y ΛΕΣΒΟΣ |z 2004-10 | ||
| 970 | |a ΜΑΡΙΝΑΤΟΥ |b ΜΥΡΣΙΝΗ |z 2005/02/24 | ||